[Event "Qatar Masters Open 2015"]
[Site "Doha QAT"]
[Date "2015.12.29"]
[Round "9"]
[White "Carlsen, Magnus"]
[Black "Kramnik, Vladimir"]
[Result "1/2-1/2"]
[WhiteElo "2834"]
[BlackElo "2796"]
[PlyCount "60"]
[EventDate "2015.12.20"]

1. e4 e5 2. Nf3 Nc6 3. Bb5 Nf6 4. O-O Nxe4 5. Re1 Nd6 6. Nxe5 Be7 7. Bf1 Nxe5
8. Rxe5 O-O 9. d4 Bf6 10. Re1 Re8 11. c3 Rxe1 12. Qxe1 Ne8 13. Bf4 d5 14. Bd3
g6 15. Nd2 Ng7 16. Nf3 Bf5 17. Bxf5 Nxf5 18. Qe2 c6 19. Re1 Ng7 20. Be5 Bxe5
21. Nxe5 Qd6 22. Qf3 f6 23. Nd3 Re8 24. Rxe8+ Nxe8 25. Qe3 Ng7 26. h3 Kf7 27.
Qh6 Kg8 28. Qe3 Kf7 29. Qh6 Kg8 30. Qe3 Kf7 1/2-1/2

[Event "Qatar Masters Open 2015"]
[Site "Doha QAT"]
[Date "2015.12.29"]
[Round "9"]
[White "Akopian, Vladimir"]
[Black "Giri, Anish"]
[Result "1/2-1/2"]
[WhiteElo "2648"]
[BlackElo "2784"]
[PlyCount "83"]
[EventDate "2015.12.20"]

1. d4 Nf6 2. c4 g6 3. g3 c6 4. Bg2 d5 5. cxd5 cxd5 6. Nc3 Bg7 7. Nf3 O-O 8. O-O
b6 9. Ne5 Bb7 10. Bf4 e6 11. Qd2 Nc6 12. Nxc6 Bxc6 13. Be5 Qe7 14. Rac1 Rfd8
15. Rc2 Ne8 16. Bxg7 Kxg7 17. Rfc1 Nd6 18. b3 Bb7 19. e3 h5 20. Ne2 h4 21. Nf4
hxg3 22. hxg3 Rd7 23. Nd3 f6 24. Qd1 Rh8 25. Qg4 Kf7 26. Qf3 Kg7 27. Qg4 Rh6
28. Nf4 Kf7 29. Nd3 Ne8 30. Qf3 Kg7 31. Qg4 Ba6 32. Bf1 Bb7 33. Nf4 f5 34. Qf3
Nd6 35. Rc7 g5 36. Rxd7 Qxd7 37. Nd3 Nf7 38. Qd1 Rh8 39. Qc2 Rc8 40. Qd1 Rh8
41. Qc2 Rc8 42. Qd1 1/2-1/2

[Event "Qatar Masters Open 2015"]
[Site "Doha QAT"]
[Date "2015.12.29"]
[Round "9"]
[White "Karjakin, Sergey"]
[Black "Zhang, Zhong"]
[Result "1-0"]
[WhiteElo "2766"]
[BlackElo "2619"]
[PlyCount "164"]
[EventDate "2015.12.20"]

1. e4 e5 2. Nf3 Nc6 3. Bb5 a6 4. Ba4 Nf6 5. O-O Be7 6. Re1 b5 7. Bb3 d6 8. c3
O-O 9. h3 Bb7 10. d4 Re8 11. Nbd2 exd4 12. cxd4 Nd7 13. Nf1 Na5 14. Bc2 Bf6 15.
Rb1 c5 16. d5 Nc4 17. b3 Nce5 18. N3h2 Ng6 19. Ng3 Bc8 20. Ng4 Bc3 21. Rf1 Nf6
22. Ne2 Bxg4 23. hxg4 Nxg4 24. f3 Qh4 25. fxg4 Be5 26. Rf5 Qxg4 27. Qf1 Ra7 28.
Bd2 Qh4 29. Qf2 Qh2+ 30. Kf1 Qh1+ 31. Qg1 Qh4 32. g3 Qd8 33. Kg2 Rae7 34. Bg5
f6 35. Bd2 Qc8 36. Qf2 Rf7 37. Rh5 Nf8 38. Rbh1 h6 39. Nf4 Rfe7 40. Qf3 Rf7 41.
R5h4 Bd4 42. Rg4 Nh7 43. Rg6 Ng5 44. Qh5 Kf8 45. Bd1 Rxe4 46. Bg4 Qb7 47. Kf1
b4 48. Be6 Be5 49. Bxf7 Bxf4 50. Bxf4 Nxf7 51. Kf2 c4 52. Qf5 Qb6+ 53. Kf3 Re8
54. bxc4 Qd4 55. Qc2 Kg8 56. Kg2 Re4 57. Rg4 Qxc4 58. Qxc4 Rxc4 59. Rgh4 g5 60.
Bxg5 Rc2+ 61. Kf3 hxg5 62. Rxb4 f5 63. Rb7 Ne5+ 64. Ke3 Rc3+ 65. Kd2 Rc5 66.
Rc1 Nf3+ 67. Kd1 Rxd5+ 68. Ke2 Nd4+ 69. Ke3 Rc5 70. Rxc5 dxc5 71. Ra7 Kf8 72.
Rxa6 Ke7 73. Rg6 Ne6 74. a4 c4 75. a5 f4+ 76. gxf4 gxf4+ 77. Kd2 f3 78. Ke3 c3
79. a6 c2 80. Rg1 Kd6 81. a7 Nc7 82. Rc1 Kd5 1-0

[Event "Qatar Masters Open 2015"]
[Site "Doha QAT"]
[Date "2015.12.29"]
[Round "9"]
[White "Sjugirov, Sanan"]
[Black "Mamedyarov, Shakhriyar"]
[Result "1-0"]
[WhiteElo "2646"]
[BlackElo "2748"]
[PlyCount "71"]
[EventDate "2015.12.20"]

1. e4 e5 2. Nf3 Nc6 3. Bb5 a6 4. Ba4 d6 5. O-O Bd7 6. c4 g5 7. Bxc6 Bxc6 8. Nc3
Bg7 9. d3 h6 10. Be3 Ne7 11. d4 Ng6 12. dxe5 dxe5 13. Qc2 O-O 14. Rad1 Qc8 15.
Nd2 Nf4 16. Bxf4 exf4 17. Nd5 Re8 18. Nf3 Rb8 19. Nd4 Bd7 20. c5 Be6 21. Nf5
Bxf5 22. exf5 Re5 23. Rfe1 Qe8 24. Qd2 c6 25. Nb6 Kh8 26. Rxe5 Bxe5 27. Nc4 Qe7
28. b4 Kg7 29. h3 Bc7 30. Re1 Qd8 31. Nd6 Bxd6 32. cxd6 Qf6 33. d7 Kf8 34. Qe2
Rd8 35. Qe8+ Kg7 36. Re7 1-0

[Event "Qatar Masters Open 2015"]
[Site "Doha QAT"]
[Date "2015.12.29"]
[Round "9"]
[White "Harikrishna, Pentala"]
[Black "Nguyen, Ngoc Truong Son"]
[Result "1/2-1/2"]
[WhiteElo "2743"]
[BlackElo "2642"]
[PlyCount "62"]
[EventDate "2015.12.20"]

1. e4 e5 2. Nf3 Nc6 3. Bb5 Nf6 4. d3 Bc5 5. c3 d6 6. d4 exd4 7. cxd4 Bb4+ 8.
Bd2 O-O 9. Bxc6 Bxd2+ 10. Nbxd2 bxc6 11. O-O Nd7 12. Rc1 c5 13. Qc2 a5 14. Rfe1
Ba6 15. Re3 Qf6 16. dxc5 Nxc5 17. Nb3 Nxb3 18. Rxb3 a4 19. Rc3 c5 20. e5 dxe5
21. Rxc5 Rfe8 22. Qxa4 Bb7 23. Qd7 Bxf3 24. gxf3 h6 25. Rc8 Raxc8 26. Rxc8 Qg6+
27. Kh1 Qb1+ 28. Kg2 Qg6+ 29. Kh3 Qh5+ 30. Kg2 Qg6+ 31. Kh3 Qh5+ 1/2-1/2

[Event "Qatar Masters Open 2015"]
[Site "Doha QAT"]
[Date "2015.12.29"]
[Round "9"]
[White "Vitiugov, Nikita"]
[Black "Ganguly, Surya Shekhar"]
[Result "1/2-1/2"]
[WhiteElo "2724"]
[BlackElo "2648"]
[PlyCount "66"]
[EventDate "2015.12.20"]

1. d4 Nf6 2. c4 e6 3. Nc3 Bb4 4. Nf3 b6 5. Qb3 c5 6. Bg5 h6 7. Bh4 Bb7 8. e3
O-O 9. Rd1 cxd4 10. Qxb4 Na6 11. Qa3 dxc3 12. Qxc3 Nc5 13. Be2 Nce4 14. Qd4 Qe7
15. O-O Rfd8 16. Bxf6 Nxf6 17. Qd6 Qxd6 18. Rxd6 Ne4 19. Rd4 Kf8 20. Nd2 Nxd2
21. Rxd2 Ke7 22. Rfd1 Rac8 23. b3 g5 24. f3 d5 25. Kf2 f6 26. cxd5 Rxd5 27.
Rxd5 Bxd5 28. e4 Bb7 29. Bc4 a6 30. Ke3 b5 31. Bd3 b4 32. Bc4 a5 33. a3 bxa3
1/2-1/2

[Event "Qatar Masters Open 2015"]
[Site "Doha QAT"]
[Date "2015.12.29"]
[Round "9"]
[White "Swiercz, Dariusz"]
[Black "Ivanchuk, Vassily"]
[Result "0-1"]
[WhiteElo "2646"]
[BlackElo "2710"]
[PlyCount "130"]
[EventDate "2015.12.20"]

1. d4 d6 2. e4 g6 3. Nf3 Nf6 4. Nc3 Bg7 5. Be2 O-O 6. O-O Bg4 7. Be3 Nc6 8. h3
Bxf3 9. Bxf3 e5 10. dxe5 dxe5 11. Nb5 a6 12. Na3 Nd4 13. Nc4 Nxf3+ 14. Qxf3 Qe7
15. Rfd1 Qe6 16. b3 Qc6 17. Nxe5 Qxe4 18. Bd4 Rfe8 19. Qxe4 Nxe4 20. Nf3 Nc3
21. Bxc3 Bxc3 22. Rac1 Re2 23. Kf1 Rae8 24. g3 Kf8 25. Ng1 R2e5 26. Rd3 Re1+
27. Rxe1 Rxe1+ 28. Kg2 Ba5 29. c4 Ra1 30. a4 Rb1 31. h4 Rb2 32. Nh3 Bb6 33. Rf3
Kg8 34. g4 h6 35. Kg3 c6 36. Rd3 Kf8 37. f4 Ke7 38. Kf3 Ke6 39. Kg3 a5 40. Kf3
Bc5 41. Kg3 Ra2 42. Kf3 Rh2 43. Kg3 Rb2 44. Kf3 f5 45. Kg3 Re2 46. h5 fxg4 47.
Kxg4 gxh5+ 48. Kxh5 Kf5 49. Kh4 Re3 50. Rxe3 Bxe3 51. Kg3 h5 52. Kf3 Bd2 53.
Ng5 Bxf4 54. Ne4 Bc7 55. Nc5 Bb6 56. Nd3 h4 57. b4 axb4 58. Nxb4 Ke5 59. Nc2
Kd6 60. Kg4 Kc5 61. Ne3 Bd8 62. Nf5 Kxc4 63. Nd6+ Kb4 64. Nxb7 Be7 65. a5 Kb5
0-1

[Event "Qatar Masters Open 2015"]
[Site "Doha QAT"]
[Date "2015.12.29"]
[Round "9"]
[White "Ponomariov, Ruslan"]
[Black "Xu, Yinglun"]
[Result "1/2-1/2"]
[WhiteElo "2710"]
[BlackElo "2470"]
[PlyCount "62"]
[EventDate "2015.12.20"]

1. e4 c5 2. Nf3 d6 3. d4 cxd4 4. Nxd4 Nf6 5. Nc3 a6 6. Be3 e6 7. Be2 Be7 8. Qd2
Nc6 9. f4 O-O 10. O-O-O Nxd4 11. Bxd4 Nd7 12. Bf3 b5 13. Qf2 b4 14. Na4 Rb8 15.
Kb1 Re8 16. e5 d5 17. f5 Qa5 18. fxe6 fxe6 19. b3 Qc7 20. Qe3 Bf8 21. Bg4 a5
22. Rhf1 Ba6 23. Rf2 Bb5 24. Qf4 Kh8 25. Qf7 Re7 26. Qh5 Bxa4 27. bxa4 g6 28.
Qg5 Nc5 29. Bxc5 Qxc5 30. Rf6 Bg7 31. Bxe6 Qc3 1/2-1/2

[Event "Qatar Masters Open 2015"]
[Site "Doha QAT"]
[Date "2015.12.29"]
[Round "9"]
[White "Tomashevsky, Evgeny"]
[Black "Sethuraman, S.P."]
[Result "0-1"]
[WhiteElo "2744"]
[BlackElo "2639"]
[PlyCount "76"]
[EventDate "2015.12.20"]

1. d4 d5 2. c4 c6 3. Nf3 Nf6 4. Nc3 e6 5. Bg5 dxc4 6. e4 b5 7. e5 h6 8. Bh4 g5
9. Nxg5 hxg5 10. Bxg5 Nbd7 11. exf6 Bb7 12. g3 Qb6 13. Bg2 c5 14. d5 O-O-O 15.
O-O b4 16. Na4 Qb5 17. a3 Nb8 18. axb4 cxb4 19. Qg4 Bxd5 20. Rfc1 Nc6 21. Bxd5
Rxd5 22. Be3 Ne5 23. Qe4 Qc6 24. Kg2 Kb7 25. b3 Bd6 26. bxc4 Ra5 27. Qxc6+ Kxc6
28. Bd4 Ng4 29. h3 e5 30. Bb2 Nxf6 31. h4 Bc7 32. Kf3 Rd8 33. Ke3 Ng4+ 34. Ke2
e4 35. Rcb1 Rd3 36. Bc1 Rf5 37. Be3 Be5 38. Nb2 Rxe3+ 0-1

[Event "Qatar Masters Open 2015"]
[Site "Doha QAT"]
[Date "2015.12.29"]
[Round "9"]
[White "Vidit, Santosh Gujrathi"]
[Black "Jakovenko, Dmitry"]
[Result "1/2-1/2"]
[WhiteElo "2644"]
[BlackElo "2737"]
[PlyCount "100"]
[EventDate "2015.12.20"]

1. d4 Nf6 2. c4 e6 3. Nf3 b6 4. e3 Bb7 5. Nc3 d5 6. cxd5 exd5 7. Bb5+ c6 8. Bd3
Be7 9. O-O O-O 10. b3 Nbd7 11. Bb2 Bd6 12. Qc2 Re8 13. Rfe1 Rc8 14. Rac1 Qc7
15. Bf5 h6 16. Ne5 Qd8 17. e4 Bxe5 18. dxe5 Rxe5 19. exd5 Rxe1+ 20. Rxe1 cxd5
21. Qd2 Ra8 22. Nb5 Nc5 23. f3 Bc6 24. Nd4 Bd7 25. b4 Ne6 26. Nxe6 Bxe6 27.
Bxe6 fxe6 28. Rxe6 Qd7 29. Re3 Rf8 30. h3 Nh5 31. Re4 Rd8 32. Re5 Nf6 33. Bd4
Re8 34. g4 Qd6 35. Rxe8+ Nxe8 36. f4 Nf6 37. Be5 Qd7 38. Qc2 Ne4 39. Kg2 h5 40.
gxh5 Qf5 41. Qd1 Qf7 42. Qf3 b5 43. Qe2 a6 44. Qd1 Kh7 45. a3 Qa7 46. Qg1 Qxg1+
47. Kxg1 Ng3 48. Kf2 Nf5 49. Kf3 Kh6 50. Kg4 Ne3+ 1/2-1/2

[Event "Qatar Masters Open 2015"]
[Site "Doha QAT"]
[Date "2015.12.29"]
[Round "9"]
[White "Piorun, Kacper"]
[Black "Wojtaszek, Radoslaw"]
[Result "1/2-1/2"]
[WhiteElo "2637"]
[BlackElo "2723"]
[PlyCount "71"]
[EventDate "2015.12.20"]

1. c4 Nf6 2. Nc3 e6 3. e4 d5 4. cxd5 exd5 5. e5 Ne4 6. d4 Bb4 7. Qa4+ Nc6 8.
Bb5 O-O 9. Nge2 Nxd4 10. Nxd4 c5 11. Nde2 d4 12. O-O dxc3 13. a3 Nd2 14. axb4
Nxf1 15. bxc3 a6 16. Qc2 Bf5 17. Qxf5 Qd1 18. Bb2 Rfd8 19. Nd4 Ne3+ 20. Rxd1
Nxf5 21. Bc4 cxd4 22. cxd4 Rac8 23. Bb3 Ne7 24. d5 Nxd5 25. Bxd5 Rc2 26. Bxf7+
Kxf7 27. Rxd8 Rxb2 28. f4 Rxb4 29. f5 a5 30. e6+ Ke7 31. Rd7+ Kf8 32. Rd8+ Ke7
33. Rd7+ Kf8 34. Rf7+ Kg8 35. Rc7 Kf8 36. Rf7+ 1/2-1/2

[Event "Qatar Masters Open 2015"]
[Site "Doha QAT"]
[Date "2015.12.29"]
[Round "9"]
[White "Korobov, Anton"]
[Black "Aravindh, Chithambaram VR"]
[Result "1-0"]
[WhiteElo "2713"]
[BlackElo "2486"]
[PlyCount "91"]
[EventDate "2015.12.20"]

1. d4 Nf6 2. c4 e6 3. Nc3 d5 4. Bg5 Be7 5. e3 O-O 6. Nf3 h6 7. Bh4 b6 8. Be2
dxc4 9. Bxc4 Bb7 10. O-O Nbd7 11. Qe2 a6 12. a4 c5 13. Rad1 Qe8 14. Rfe1 cxd4
15. exd4 Bb4 16. Qd3 Qc8 17. Bb3 Bxc3 18. bxc3 b5 19. Rc1 Qc6 20. Bc2 Rac8 21.
Bb1 Rfe8 22. h3 b4 23. c4 Qxa4 24. Ne5 Nxe5 25. dxe5 Qc6 26. f3 Red8 27. Qc2 b3
28. Qxb3 g5 29. Bf2 Nd7 30. Be4 Nc5 31. Bxc6 Nxb3 32. Bxb7 Rb8 33. Bxa6 Nxc1
34. Rxc1 Rb2 35. c5 Rdd2 36. Rf1 h5 37. c6 Rdc2 38. Bb7 h4 39. Kh1 Ra2 40. Bg1
Kg7 41. Rf2 Rxf2 42. Bxf2 Rxf2 43. c7 Rc2 44. c8=Q Rxc8 45. Bxc8 Kg6 46. Bd7
1-0

[Event "Qatar Masters Open 2015"]
[Site "Doha QAT"]
[Date "2015.12.29"]
[Round "9"]
[White "Lu, Shanglei"]
[Black "Wei, Yi"]
[Result "1-0"]
[WhiteElo "2618"]
[BlackElo "2730"]
[PlyCount "81"]
[EventDate "2015.12.20"]

1. e4 c5 2. Nf3 Nc6 3. Bb5 g6 4. Bxc6 bxc6 5. O-O Bg7 6. Re1 Rb8 7. c3 Nf6 8.
d4 cxd4 9. cxd4 O-O 10. Nc3 d6 11. h3 Nd7 12. b3 c5 13. Be3 Ba6 14. Rc1 Rc8 15.
Qd2 Re8 16. Na4 Bb7 17. dxc5 Bxe4 18. cxd6 Bxf3 19. dxe7 Qxe7 20. Bg5 Qf8 21.
Qxd7 Rxc1 22. Rxc1 Ba8 23. Rd1 h6 24. Be3 Re7 25. Qd8 Re8 26. Qc7 Qb4 27. Nc5
Qb6 28. Qxb6 axb6 29. Na6 Bb7 30. Nc7 Re7 31. Nd5 Re6 32. Nxb6 Be4 33. a4 Bc3
34. Rc1 Bb4 35. Rc8+ Kh7 36. Bd4 g5 37. Nd7 Bb7 38. Rh8+ Kg6 39. Nf8+ Bxf8 40.
Rg8+ Kh5 41. Rxf8 1-0

[Event "Qatar Masters (tie-break) 2015"]
[Site "Doha QAT"]
[Date "2015.12.29"]
[Round "2"]
[White "Yu, Yangyi"]
[Black "Carlsen, Magnus"]
[Result "0-1"]
[WhiteElo "2736"]
[BlackElo "2834"]
[PlyCount "32"]
[EventDate "2015.12.29"]

1. d4 Nf6 2. c4 e6 3. Nc3 Bb4 4. Nf3 b6 5. e3 Bb7 6. Bd3 O-O 7. O-O c5 8. Na4
cxd4 9. exd4 Re8 10. a3 Bf8 11. Bf4 Bxf3 12. Qxf3 Nc6 13. d5 exd5 14. cxd5 Ne5
15. Qd1 Nxd3 16. Qxd3 Re4 0-1

[Event "Al Ain Classic Open 2015"]
[Site "Al-Ain UAE"]
[Date "2015.12.29"]
[Round "8"]
[White "Shirov, Alexei"]
[Black "Kryvoruchko, Yuriy"]
[Result "1/2-1/2"]
[WhiteElo "2676"]
[BlackElo "2711"]
[PlyCount "51"]
[EventDate "2015.12.23"]

1. e4 e5 2. Nf3 Nc6 3. Bb5 Nf6 4. O-O Nxe4 5. Re1 Nd6 6. Nxe5 Be7 7. Bf1 Nxe5
8. Rxe5 O-O 9. Nc3 Ne8 10. Nd5 Bd6 11. Re1 c6 12. Ne3 Bc7 13. Nf5 d5 14. Ne7+
Kh8 15. Nxc8 Rxc8 16. d4 Nf6 17. Be3 Qd7 18. f3 Rce8 19. Qd2 Kg8 20. Bf2 Nh5
21. Rxe8 Rxe8 22. Re1 Rxe1 23. Qxe1 g6 24. a4 Nf4 25. b4 a6 26. a5 1/2-1/2

[Event "Zurich Christmas Open 2015"]
[Site "Zurich SUI"]
[Date "2015.12.29"]
[Round "6"]
[White "Naiditsch, Arkadij"]
[Black "Gundavaa, Bayarsaikhan"]
[Result "1-0"]
[WhiteElo "2698"]
[BlackElo "2506"]
[PlyCount "39"]
[EventDate "2015.12.26"]

1. e4 e5 2. Nf3 Nc6 3. Nc3 Nf6 4. Bb5 Bd6 5. d3 a6 6. Ba4 h6 7. a3 O-O 8. g4
Nd4 9. g5 hxg5 10. Bxg5 Be7 11. Rg1 d6 12. Nxd4 exd4 13. Ne2 Nd7 14. Bh6 Bf6
15. Nf4 Ne5 16. Nh5 Kh7 17. Bxg7 Bxg7 18. Rxg7+ Kh8 19. Qc1 Nf3+ 20. Ke2 1-0

[Event "Zurich Christmas Open 2015"]
[Site "Zurich SUI"]
[Date "2015.12.30"]
[Round "7"]
[White "Bauer, Christian"]
[Black "Naiditsch, Arkadij"]
[Result "1/2-1/2"]
[WhiteElo "2624"]
[BlackElo "2698"]
[PlyCount "28"]
[EventDate "2015.12.26"]

1. b3 Nf6 2. Bb2 g6 3. Bxf6 exf6 4. c4 d5 5. cxd5 Qxd5 6. e3 c6 7. Nc3 Qa5 8.
a3 Bg7 9. b4 Qd8 10. Bc4 a5 11. b5 c5 12. Nge2 Nd7 13. Ba2 O-O 14. O-O f5
1/2-1/2

[Event "Rilton Cup Open 2014/15"]
[Site "Stockholm SWE"]
[Date "2014.12.27"]
[Round "1"]
[White "Rydstrom, Tom"]
[Black "Cramling, Pia"]
[Result "1-0"]
[WhiteElo "2243"]
[BlackElo "2518"]
[PlyCount "138"]
[EventDate "2014.12.27"]

1. e4 c5 2. Nf3 e6 3. Nc3 a6 4. d4 cxd4 5. Nxd4 Qc7 6. Be2 Nf6 7. O-O Bb4 8.
Qd3 O-O 9. Bg5 Be7 10. f4 d6 11. Kh1 h6 12. Bh4 Nbd7 13. Bg3 Nc5 14. Qe3 Bd7
15. Bf3 Nh7 16. Rad1 Na4 17. Nxa4 Bxa4 18. b3 Bd7 19. c4 Rfd8 20. Rc1 Re8 21.
Rfd1 Rad8 22. Qf2 Bc8 23. Ne2 Qa5 24. Rc2 Bd7 25. Qe1 Qc7 26. Qf2 Rc8 27. Nd4
Red8 28. Rcd2 Be8 29. Rc2 Qb8 30. Rdc1 Bf6 31. Qe3 Nf8 32. Bf2 Ng6 33. g3 e5
34. Ne2 Bc6 35. Nc3 exf4 36. gxf4 Bxc3 37. Rxc3 Re8 38. Re1 f5 39. Rg1 Rxe4 40.
Bxe4 Bxe4+ 41. Qxe4 fxe4 42. Rxg6 Rc7 43. Bd4 Qf8 44. Rcg3 Qxf4 45. Bxg7 Qf1+
46. Rg1 Qf3+ 47. R1g2 Qf1+ 48. Rg1 Qf3+ 49. R1g2 Rf7 50. Bxh6+ Kh7 51. Bg7 Qf1+
52. Rg1 Qf3+ 53. R1g2 Rf5 54. R6g3 Qh5 55. Bd4 Rf1+ 56. Bg1 Qh6 57. Re2 Rf3 58.
Rg4 Rf7 59. Rg3 Qe6 60. Bd4 Rf1+ 61. Kg2 Rf3 62. Rxf3 Qg4+ 63. Rg3 Qxe2+ 64.
Kh3 Qxa2 65. Kg4 Qd2 66. Bc3 Qc2 67. Kg5 Qxb3 68. Kf6 Qxc4 69. Rg7+ Kh6 1-0

[Event "Rilton Cup Open 2014/15"]
[Site "Stockholm SWE"]
[Date "2014.12.28"]
[Round "2"]
[White "Cramling, Pia"]
[Black "Merkesvik, Sondre"]
[Result "1-0"]
[WhiteElo "2518"]
[BlackElo "2218"]
[PlyCount "25"]
[EventDate "2014.12.27"]

1. Nf3 Nf6 2. c4 g6 3. Nc3 d5 4. cxd5 Nxd5 5. h4 Bg7 6. h5 gxh5 7. Rxh5 Nxc3 8.
bxc3 c6 9. Qb3 h6 10. Ne5 e6 11. Ba3 Qa5 12. d4 Nd7 13. Nxf7 1-0

[Event "Rilton Cup Open 2014/15"]
[Site "Stockholm SWE"]
[Date "2014.12.30"]
[Round "4"]
[White "Cramling, Pia"]
[Black "Bellon Lopez, Juan Manuel"]
[Result "1/2-1/2"]
[WhiteElo "2518"]
[BlackElo "2381"]
[PlyCount "65"]
[EventDate "2014.12.27"]

1. d4 d5 2. Nf3 c6 3. c4 Nf6 4. Nc3 a6 5. cxd5 cxd5 6. Bf4 e6 7. e3 Nc6 8. Bd3
Bd6 9. Bg3 Bxg3 10. hxg3 Qd6 11. O-O O-O 12. Rc1 e5 13. dxe5 Nxe5 14. Nxe5 Qxe5
15. Be2 Rd8 16. Qd4 Qxd4 17. exd4 Bd7 18. Rfe1 Bc6 19. Bf3 Re8 20. Kf1 Kf8 21.
Rxe8+ Rxe8 22. Re1 Rxe1+ 23. Kxe1 Ke7 24. Kd2 Kd6 25. Ke3 h6 26. Be2 a5 27. f3
b6 28. g4 Ne8 29. Bd3 Nc7 30. Bc2 Bd7 31. Bd3 Bc6 32. Bc2 Bd7 33. Bd3 1/2-1/2

[Event "Rilton Cup Open 2014/15"]
[Site "Stockholm SWE"]
[Date "2015.01.01"]
[Round "5"]
[White "Jere, Daniel"]
[Black "Cramling, Pia"]
[Result "0-1"]
[WhiteElo "2370"]
[BlackElo "2518"]
[PlyCount "140"]
[EventDate "2014.12.08"]

1. c4 e6 2. g3 d5 3. Bg2 dxc4 4. Qc2 c5 5. Na3 Ne7 6. Nxc4 Nf5 7. Nf3 Be7 8.
O-O Nc6 9. b3 O-O 10. Bb2 f6 11. e3 Rb8 12. Qe4 Bd7 13. d4 cxd4 14. exd4 Nb4
15. a3 Nd5 16. Rfe1 Re8 17. h4 Bf8 18. h5 Bc6 19. Qg4 Nc7 20. Ncd2 Bd5 21. b4
Nb5 22. Bf1 Nbd6 23. Qf4 Nf7 24. Ne4 b6 25. Bb5 Re7 26. Bd3 Rc7 27. g4 N5d6 28.
Nc3 Bc4 29. Bb1 Rbc8 30. Nd1 Bd5 31. Ne3 Ng5 32. Nxg5 fxg5 33. Qg3 Ne4 34. Qg2
Nd2 35. Nxd5 Qxd5 36. Ba2 Nc4 37. Bc1 h6 38. Qe4 Qxe4 39. Rxe4 Kf7 40. f4 Be7
41. fxg5 hxg5 42. Be3 Bf6 43. Rf1 Ke7 44. Bf2 Nd2 45. Rxe6+ Kd7 46. Rd1 Rc2 47.
Bd5 Nf3+ 48. Kg2 Bxd4 49. Kxf3 Rxf2+ 50. Ke4 Rf4+ 51. Kd3 Rc3+ 52. Kd2 Rxa3 53.
Re4 Kd6 54. Ba8 Rxe4 55. Bxe4 Ke5 56. Bc6 Kf4 57. Bd7 a5 58. bxa5 bxa5 59. Rf1+
Kg3 60. Rf5 a4 61. Rd5 Ra2+ 62. Kd3 Bf6 63. Ra5 a3 64. Be6 Ra1 65. Ra6 Bb2 66.
Ra4 Re1 67. Bc8 Rd1+ 68. Ke2 Rd6 69. Bf5 Bc1 70. Ra6 Rxa6 0-1

[Event "Rilton Cup Open 2014/15"]
[Site "Stockholm SWE"]
[Date "2014.12.29"]
[Round "3"]
[White "Gagarin, Vasilij"]
[Black "Cramling, Pia"]
[Result "0-1"]
[WhiteElo "2289"]
[BlackElo "2518"]
[PlyCount "168"]
[EventDate "2014.12.27"]

1. d4 Nf6 2. c4 e6 3. Nc3 Bb4 4. e3 O-O 5. Bd3 c5 6. Nf3 d5 7. O-O dxc4 8. Bxc4
Nc6 9. a3 Ba5 10. Ne2 cxd4 11. exd4 h6 12. Bf4 Ne7 13. Ne5 Nfd5 14. Bg3 Nf5 15.
Qd3 Bb6 16. Rad1 Bd7 17. Ba2 Rc8 18. Bb1 Be8 19. Rfe1 a6 20. h3 Ba5 21. Rf1 Ba4
22. Rc1 Bb5 23. Nc4 Nb6 24. b3 Qd5 25. Ba2 Nxg3 26. fxg3 Rcd8 27. Bb1 g6 28.
Rf6 Qg5 29. Rcf1 Nd5 30. h4 Bxc4 31. bxc4 Qe3+ 32. R6f2 Qxd3 33. Bxd3 Nc3 34.
Nc1 e5 35. Nb3 Bc7 36. d5 e4 37. Rc2 Be5 38. Be2 Rc8 39. Rfc1 Nxe2+ 40. Rxe2 f5
41. g4 h5 42. gxh5 gxh5 43. c5 b6 44. cxb6 Rxc1+ 45. Nxc1 Rb8 46. Rc2 Rxb6 47.
Ne2 Kf7 48. Kf2 Rb3 49. Rc6 Rxa3 50. Rh6 Rd3 51. Rxh5 Kg6 52. Rg5+ Kf6 53. Rh5
a5 54. Rh8 Rxd5 55. Ra8 Kg6 56. g3 Rb5 57. Rg8+ Kh7 58. Rf8 Kg6 59. Rg8+ Kh7
60. Rf8 Bd6 61. Ra8 Bc5+ 62. Kg2 Rb2 63. Kf1 Rb1+ 64. Kg2 Rb2 65. Kf1 Ra2 66.
Nf4 Rf2+ 67. Ke1 Rf3 68. Nh5 Bd6 69. Ke2 Bxg3 70. Rxa5 Kg6 71. Nxg3 Rxg3 72.
Ra8 Kh5 73. Rf8 Kg4 74. h5 Rh3 75. Rg8+ Kf4 76. Rh8 Rh2+ 77. Kf1 Kf3 78. Kg1
Rh4 79. h6 f4 80. Rh7 e3 81. Rh8 Rg4+ 82. Kh2 Rg6 83. h7 Rh6+ 84. Kg1 Rh5 0-1

[Event "Rilton Cup Open 2014/15"]
[Site "Stockholm SWE"]
[Date "2015.01.02"]
[Round "6"]
[White "Cramling, Pia"]
[Black "Hagen, Andreas Skytte"]
[Result "1/2-1/2"]
[WhiteElo "2518"]
[BlackElo "2430"]
[PlyCount "107"]
[EventDate "2014.12.27"]

1. d4 Nf6 2. c4 g6 3. Nc3 d5 4. cxd5 Nxd5 5. e4 Nxc3 6. bxc3 Bg7 7. Bg5 c5 8.
Rc1 O-O 9. d5 Qd6 10. Nf3 Bg4 11. Be2 e6 12. Qb3 exd5 13. exd5 b6 14. O-O Nd7
15. Rfe1 Rfe8 16. h3 Bxf3 17. Bxf3 Ne5 18. c4 Nxf3+ 19. Qxf3 Kf8 20. a4 Be5 21.
Bh6+ Kg8 22. Re2 Bg7 23. Bxg7 Kxg7 24. Rce1 Rxe2 25. Qxe2 Rd8 26. Qe7 Qd7 27.
a5 h5 28. Qe5+ Kg8 29. axb6 axb6 30. Qf6 b5 31. Re7 Qf5 32. Qxf5 gxf5 33. cxb5
Rxd5 34. b6 Rd1+ 35. Kh2 Rb1 36. b7 Kg7 37. Kg3 Kf6 38. Rc7 Rb4 39. Kf3 Kg6 40.
h4 Kf6 41. Ke3 Rb3+ 42. Kd2 Kg6 43. Ke2 c4 44. f3 Kg7 45. Kf2 Kg6 46. Rc6+ Kg7
47. Kg3 Rxb7 48. Kf4 Rb2 49. g3 Rf2 50. Rxc4 Kg6 51. Rc8 Kg7 52. Rc6 Rf1 53.
Rc5 Kg6 54. Rc6+ 1/2-1/2

[Event "Rilton Cup Open 2014/15"]
[Site "Stockholm SWE"]
[Date "2015.01.03"]
[Round "7"]
[White "Sagit, Rauan"]
[Black "Cramling, Pia"]
[Result "1/2-1/2"]
[WhiteElo "2357"]
[BlackElo "2518"]
[PlyCount "140"]
[EventDate "2014.12.27"]

1. Nf3 Nf6 2. d4 e6 3. g3 d5 4. Bg2 b5 5. O-O Nbd7 6. c3 c5 7. dxc5 Bxc5 8. Nd4
Qb6 9. a4 bxa4 10. Qxa4 O-O 11. b4 Bxd4 12. cxd4 Bb7 13. e3 Rfc8 14. Bd2 Bc6
15. Qa5 Ne4 16. Bxe4 dxe4 17. Nc3 Nf6 18. Rfc1 h6 19. Ra3 Qb7 20. b5 Be8 21.
Qa6 Rab8 22. Qxb7 Rxb7 23. Rca1 Bxb5 24. Rxa7 Rxa7 25. Rxa7 Bd3 26. Kg2 Rb8 27.
Ra2 Kh7 28. f3 Bc4 29. Rc2 Bd3 30. Ra2 g5 31. h3 Bc4 32. Rc2 Bd3 33. Ra2 Kg6
34. Kf2 Bc4 35. Rc2 Bd3 36. Ra2 exf3 37. Kxf3 Bf1 38. h4 Bc4 39. Ra4 Bd3 40.
hxg5 hxg5 41. Ra3 Rb2 42. Ra2 Rb3 43. Ra5 Bf5 44. Ke2 Ne4 45. Nxe4 Bxe4 46. Ra2
Kf5 47. Be1 Kg4 48. Bf2 Bd3+ 49. Kd2 Kf3 50. Be1 Be4 51. Ra7 Rd3+ 52. Kc1 Ke2
53. Bb4 Rb3 54. Ra2+ Kxe3 55. Ra3 Rxa3 56. Bxa3 Kxd4 57. Be7 g4 58. Kd2 f5 59.
Bd6 Bf3 60. Ke1 e5 61. Kf2 Ke4 62. Bc7 f4 63. Bb8 fxg3+ 64. Kxg3 Kd4 65. Kf2
Bd1 66. Bc7 e4 67. Bf4 Kd3 68. Bg5 e3+ 69. Bxe3 g3+ 70. Kxg3 Kxe3 1/2-1/2

[Event "Rilton Cup Open 2014/15"]
[Site "Stockholm SWE"]
[Date "2015.01.04"]
[Round "8"]
[White "Cramling, Pia"]
[Black "Tari, Aryan"]
[Result "1/2-1/2"]
[WhiteElo "2518"]
[BlackElo "2485"]
[PlyCount "175"]
[EventDate "2014.12.27"]

1. Nf3 d5 2. d4 Nf6 3. c4 dxc4 4. e3 b5 5. a4 b4 6. Bxc4 e6 7. O-O Be7 8. Nbd2
O-O 9. b3 Nbd7 10. Bb2 c5 11. Qe2 a6 12. Rac1 Bb7 13. Rfd1 cxd4 14. Bxd4 Qa5
15. Bd3 Rac8 16. Nc4 Qh5 17. Nfe5 Qxe2 18. Bxe2 Bd5 19. Nxd7 Nxd7 20. f3 Bc5
21. e4 Bxd4+ 22. Rxd4 Nc5 23. Rb1 Bc6 24. Na5 Bd7 25. Rbd1 Rc7 26. Rxb4 Rfc8
27. Rb6 Kf8 28. Rd2 Ke7 29. Kf2 e5 30. Bc4 Be6 31. Bxe6 Nxe6 32. Nc4 f6 33. Nd6
Ra8 34. Nf5+ Kf7 35. h4 a5 36. Nd6+ Kf8 37. Nb5 Re7 38. Rdd6 Nc5 39. Nc3 Rc8
40. Nd5 Rb7 41. Rxb7 Nxb7 42. Rb6 Rc2+ 43. Kg3 Nc5 44. Rb5 h5 45. Kh3 Rc1 46.
Nb6 Nd3 47. Kh2 Rc2 48. Rxa5 Ne1 49. Kg1 Nxg2 50. Rc5 Ra2 51. Rc3 Nf4 52. Kf1
Ra1+ 53. Kf2 Ra2+ 54. Ke1 g5 55. hxg5 h4 56. Nd7+ Kf7 57. gxf6 Ng6 58. Rc7 Ke6
59. f7 Kd6 60. Rb7 h3 61. Rb6+ Kxd7 62. Rxg6 h2 63. Rh6 Ke7 64. Kf1 Kxf7 65. a5
Kg7 66. Rh3 Kg6 67. a6 Rxa6 68. Rxh2 Ra1+ 69. Kf2 Rb1 70. Kg3 Rxb3 71. Rd2 Rb6
72. Kg4 Rf6 73. Rd8 Kf7 74. Ra8 Rf4+ 75. Kg3 Ke7 76. Kf2 Rh4 77. Ke3 Rh1 78.
Ra3 Ke6 79. Kd3 Rd1+ 80. Kc4 Rc1+ 81. Rc3 Rd1 82. Kc5 Rd8 83. Kb6 Rd1 84. Kc6
Rd2 85. Kb6 Rd1 86. Rc6+ Ke7 87. Rc5 Ke6 88. Rc6+ 1/2-1/2